Staatsformen unserer Zeit Monarchien, Republiken, Bundesstaaten und Staatenbündnisse /

Elmentve itt :
Bibliográfiai részletek
Szerző: Layer Max
Dokumentumtípus: Cikk
Megjelent: 1923
Sorozat:Kolligátum
Kulcsszavak:Államelmélet
Online Access:http://misc.bibl.u-szeged.hu/22657
LEADER 00569nab a2200169 i 4500
001 misc22657
005 20191111110517.0
008 170908s1923 hu o 0|| zxx d
040 |a SZTE Miscellanea Repozitórium  |b hun 
041 |a zxx 
100 1 |a Layer Max 
245 1 0 |a Staatsformen unserer Zeit   |h [elektronikus dokumentum] :  |b Monarchien, Republiken, Bundesstaaten und Staatenbündnisse /  |c  Layer Max 
260 |c 1923 
300 |a 1-88 
490 0 |a Kolligátum 
695 |a Államelmélet 
856 4 0 |u http://misc.bibl.u-szeged.hu/22657/1/02054_001-088.pdf  |z Dokumentum-elérés